| 000 | 00623cam a2200217 4500500 | ||
|---|---|---|---|
| 005 | 20260405002925.0 | ||
| 041 | _afre | ||
| 042 | _adc | ||
| 100 | 1 | 0 |
_aNathan, Tobie _eauthor |
| 245 | 0 | 0 | _aTong vs. Birkenstock. Duel au soleil d’été |
| 260 | _c2019. | ||
| 500 | _a61 | ||
| 690 | _aBirkenstock | ||
| 690 | _aChaussure | ||
| 690 | _aété | ||
| 690 | _aSandale | ||
| 690 | _aTobie Nathan | ||
| 690 | _aTong | ||
| 786 | 0 | _nPhilosophie magazine | 131 | 7 | 2019-07-01 | p. 13-13 | 1951-1787 | |
| 856 | 4 | 1 | _uhttps://shs.cairn.info/magazine-philosophie-magazine-2019-7-page-13?lang=fr&redirect-ssocas=7080 |
| 999 |
_c2062552 _d2062552 |
||